Nennen Sie die sieben weltweit bekannten Ozeane - Statistiken

Allgemein
  • Dieses Quiz wurde 63 mal gespielt
  • Das Durchschnittsergebnis liegt bei 2 aus 8
Antwortstatistiken
Hint Antwort % Korrekt
5 Ozean Indische
98%
2 Ozean Südpazifik
22%
1 Ozean Nordpazifik
20%
3 Ozean Nordatlantik
16%
4 Ozean Südatlantik
16%
6 Ozean Antarktischer
8%
6 Ozean Südliche
6%
7 Ozean Arktische Ozean
0%
Keine übereinstimmenden Quizze gefunden
Verteilung der Resultate
Anzahl Personen mit jedem Resultat
Perzentil nach korrekt beantworteten Fragen
Ihre Resultats-Entwicklung
Sie haben dieses Quiz noch nicht gespielt